00730cam a22002293a 45000010005000000030006000050050017000110080041000280400015000690420007000840500007000911000028000982450087001262600029002135060030002425160020002726530045002926530056003377000038003938300028004318560041004593197PGUSA20140828083027.0040919s2004||||xxu|||||s|||||000 | eng d aPGUSAbeng adc 4aPS1 aTwain, Mark,d1835-191010aMark Twain's Letters — Volume 5 (1901-1906)h[electronic resource] /cMark Twain bProject Gutenberg,c2004 aPublic domain in the USA. aElectronic text aTwain, Mark, 1835-1910 -- Correspondence aAuthors, American -- 19th century -- Correspondence1 aPaine, Albert Bigelow,d1861-1937 0aProject Gutenbergv319740uhttp://www.gutenberg.org/ebooks/3197